00793nam a2200241 a 450000100060000000300080000600500170001400800410003102000150007202000210008703500190010804000270012704100080015408200280016210000370019024501040022726000460033130000320037750400460040965100500045570000170050570000290052236004DB-RjUL20211209052422.0140615s1988 mdu b 001 0 eng d a0333396405 a0333396413 (pbk) a(DB-RjUL)36101 aDLCcDLCbengdDB-RjUL aeng a320.91724219bCAT 19881 aCammack, Paul A.q(Paul Anthony)10aThird World politics :ba comparative introduction /cPaul Cammack, David Pool, and William Tordoff aBasingstoke :bMacmillan Education,c1988 axi, 308 p. :bmaps ;c22 cm aBibliography: p. 296-301 & Includes index 0aDeveloping countriesxPolitics and government1 aPool, David.1 aTordoff, William,d1925-